00515nam a2200157Ia 4500001001000000003000500010008004100015010001100056040000900067100001700076245009200093260006100185300001700246440004100263650005300304Para_4228CHAP220125s1936 xx 000 0 und d a202776 cCHAP aKaston, B. J aThe morphology of the elm bark beetle Hylurgopinus rufipes (eichhoff) /c B. J. Kaston aStorrs, Connecticut :b Agricultural Experiment Station ap.p. 614-650 aConnecticut Agr. Exp. Sta. Bull; 387 aHylurgopinus rufipes Scolytidae Olmo x Plagas